<?xml version="1.0" encoding="utf-8"?>
<?xml-stylesheet type='text/xsl' href='./oai2.xsl'?>
<OAI-PMH xmlns="http://www.openarchives.org/OAI/2.0/" xmlns:xsi="http://www.w3.org/2001/XMLSchema-instance" xsi:schemaLocation="http://www.openarchives.org/OAI/2.0/ http://www.openarchives.org/OAI/2.0/OAI-PMH.xsd">
  <responseDate>2026-05-17T08:58:05Z</responseDate>
  <request verb="GetRecord" metadataPrefix="marcxml" identifier="record_kuniweb_100404">https://kulturerbe.niedersachsen.de/oai</request>
  <GetRecord>
    <record>
      <header>
        <identifier>record_kuniweb_100404</identifier>
        <datestamp>2026-03-31T19:09:18Z</datestamp>
        <setSpec>slg0220</setSpec>
      </header>
      <metadata>
        <marc:record xmlns:marc="http://www.loc.gov/MARC21/slim" xsi:schemaLocation="http://www.loc.gov/MARC21/slim http://www.loc.gov/standards/marcxml/schema/MARC21slim.xsd">
          <marc:leader>12345nrm  22     uu 4500</marc:leader>
          <marc:controlfield tag="001">100404</marc:controlfield>
          <marc:controlfield tag="003">http://kuniweb.gbv.de</marc:controlfield>
          <marc:controlfield tag="005">2023-11-29T09:24:20</marc:controlfield>
          <marc:controlfield tag="008">|           ||||||||||||||||||||||</marc:controlfield>
          <marc:datafield tag="245" ind1="1" ind2="0">
            <marc:subfield code="a">Deckschale</marc:subfield>
          </marc:datafield>
          <marc:datafield tag="655" ind1=" " ind2="7">
            <marc:subfield code="a">Archäologie</marc:subfield>
          </marc:datafield>
          <marc:datafield tag="046" ind1=" " ind2=" ">
            <marc:subfield code="k">-0899</marc:subfield>
            <marc:subfield code="k">jüngere Bronzezeit/ältere Eisenzeit</marc:subfield>
            <marc:subfield code="l">-0499</marc:subfield>
          </marc:datafield>
          <marc:datafield tag="260" ind1=" " ind2=" ">
            <marc:subfield code="g">-0899</marc:subfield>
            <marc:subfield code="g">-0499</marc:subfield>
            <marc:subfield code="g">jüngere Bronzezeit/ältere Eisenzeit</marc:subfield>
          </marc:datafield>
          <marc:datafield tag="300" ind1=" " ind2=" ">
            <marc:subfield code="a">Höhe: 13,2 cm
Durchmesser: 32,7 cm (Rdm)
Durchmesser: 31,8 cm (Öffungsdm.)
Durchmesser: 32,7 cm (max. Dm.)
Durchmesser: 8,5 cm (Bdm.)</marc:subfield>
          </marc:datafield>
          <marc:datafield tag="520" ind1=" " ind2=" ">
            <marc:subfield code="a">Die Urne war mit einer Schale und mehreren Steinen bedeckt. Die Henkel der Urne waren  NNW-SSO ausgerichtet.

b)  Gewölbte Schale mit abgesetztem Rand (Hofmann Typ 
M 3 a). Randständiger Bandhenkel; am Randansatz eine  umlaufende Rille; innen und außen geglättet.  (Hofmann 2008 Teil 2, 93.; Baier 11/2022)

Ausgrabungs- / Untersuchungsdatum: 1966 - 1968

Beschrieben in:
K. P. Hofmann, „Der rituelle Umgang mit dem Tod Untersuchungen zu bronze- und früheisenzeitlichen Brandbestattungen im Elbe-Weser-Dreieck - Teil 2“. Komissionsverlag Isensee, Oldenburg, 2008. (Katalog B Bötersen 50 Nr. 117 II, Taf. 85.)

Veröffentlicht in:
K. P. Hofmann, „Der rituelle Umgang mit dem Tod Untersuchungen zu bronze- und früheisenzeitlichen Brandbestattungen im Elbe-Weser-Dreieck - Teil 1“. Komissionsverlag Isensee, Oldenburg, 2008.</marc:subfield>
          </marc:datafield>
          <marc:datafield tag="500" ind1=" " ind2=" ">
            <marc:subfield code="a">Nachlass/Erbschaft/Vermächtnis

1983

übernommen aus dem Nachlass von K. Machunsky</marc:subfield>
          </marc:datafield>
          <marc:datafield tag="773" ind1="0" ind2=" ">
            <marc:subfield code="t">Archäologische Funde aus dem Landkreis Rotenburg (Wümme)</marc:subfield>
          </marc:datafield>
          <marc:datafield tag="852" ind1=" " ind2=" ">
            <marc:subfield code="a">Kreisarchäologie Rotenburg</marc:subfield>
          </marc:datafield>
          <marc:datafield tag="852" ind1=" " ind2=" ">
            <marc:subfield code="a">Bötersen (Sottrum, Rotenburg (Wümme), Niedersachsen)</marc:subfield>
          </marc:datafield>
          <marc:datafield tag="" ind1=" " ind2=" ">
            <marc:subfield code="a">Namensnennung - Weitergabe unter gleichen Bedingungen 4.0 International (CC BY-SA 4.0)</marc:subfield>
          </marc:datafield>
        </marc:record>
      </metadata>
    </record>
  </GetRecord>
</OAI-PMH>
